000 00210 a2200097 4500
001 49446
100 _aHeyer
245 _aThese Old Shades
260 _aLondon
_bWilliam Heineman Ltd
_c
090 _c31980
_d31980
942 _aNUST-CAE
_cM
_c24425
999 _c284519
_d284519